How not to program in C++ (Record no. 508)

MARC details
000 -LEADER
Fixed length control field 00432nam a2200169 4500
003 - CONTROL NUMBER IDENTIFIER
Control field SEACOMMC
005 - DATE AND TIME OF LATEST TRANSACTION
Control field 20231120072918.0
008 - FIXED-LENGTH DATA ELEMENTS--GENERAL INFORMATION
Fixed length control field 231120b |||||||| |||| 00| 0 eng d
020 ## - INTERNATIONAL STANDARD BOOK NUMBER / ISBN
Price Rs.175.00
040 ## - CATALOGING SOURCE
Original cataloging agency SEACOMMC
082 1# - DEWEY DECIMAL CLASSIFICATION NUMBER
Classification number 005.133
Book Number O93
100 ## - MAIN ENTRY--PERSONAL NAME
Personal name Oualline, Stave
245 1# - TITLE STATEMENT
Title How not to program in C++
Statement of responsibility Steve Oualline
260 1# - IMPRINT
Place of publication Navi Mumbai
Name of publisher Shroff
Date of publication 2003
650 ## - SUBJECT ADDED ENTRY--TOPICAL TERM
Topical term Computer science,Programming
942 ## - ADDED ENTRY ELEMENTS (KOHA)
Koha item type Books
Holdings
Withdrawn status Lost status Source of classification Damaged status Not for loan Home library Current library Date acquired Total Checkouts Call number Accession number Date last seen Copy number Price effective from Koha item type
    Dewey Decimal Classification     SEACOM MANAGEMENT COLLEGE SEACOM MANAGEMENT COLLEGE 01/06/2006   005.133 O93 00313 20/11/2023 3 20/11/2023 Books
    Dewey Decimal Classification     SEACOM MANAGEMENT COLLEGE SEACOM MANAGEMENT COLLEGE 01/06/2006   005.133 O93 00314 20/11/2023 4 20/11/2023 Books
    Dewey Decimal Classification     SEACOM MANAGEMENT COLLEGE SEACOM MANAGEMENT COLLEGE 01/06/2006   005.133 O93 00315 20/11/2023 5 20/11/2023 Books
© Seacom Engineering College, All rights reserved.    Powered by Koha